Phấn thông vàng Tập truyện

Shranjeno v:
Bibliografske podrobnosti
Glavni avtor: Xuân Diệu
Format: Knjiga
Jezik:Undetermined
Izdano: Hà Nội Thanh niên 1989
Teme:
Oznake: Označite
Brez oznak, prvi označite!
Thư viện lưu trữ: Trung tâm Học liệu Trường Đại học Cần Thơ
LEADER 00517nam a2200181Ia 4500
001 CTU_32456
008 210402s9999 xx 000 0 und d
082 |a 895.922331 
082 |b X502p 
100 |a Xuân Diệu 
245 0 |a Phấn thông vàng 
245 0 |b Tập truyện 
245 0 |c Xuân Diệu 
260 |a Hà Nội 
260 |b Thanh niên 
260 |c 1989 
650 |a short stories, vietnamese - 1930 - 1945Văn họ 
980 |a Trung tâm Học liệu Trường Đại học Cần Thơ